<?xml version="1.0" encoding="UTF-8"?>
<record
    xmlns:xsi="http://www.w3.org/2001/XMLSchema-instance"
    xsi:schemaLocation="http://www.loc.gov/MARC21/slim http://www.loc.gov/standards/marcxml/schema/MARC21slim.xsd"
    xmlns="http://www.loc.gov/MARC21/slim">

  <leader>01393nam a22002057a 4500</leader>
  <controlfield tag="005">20250409104449.0</controlfield>
  <controlfield tag="008">250328b        |||||||| |||| 00| 0 eng d</controlfield>
  <datafield tag="020" ind1=" " ind2=" ">
    <subfield code="a">9783836505390</subfield>
  </datafield>
  <datafield tag="041" ind1=" " ind2=" ">
    <subfield code="a">Eng</subfield>
  </datafield>
  <datafield tag="082" ind1=" " ind2=" ">
    <subfield code="a">700</subfield>
    <subfield code="b">GAN</subfield>
  </datafield>
  <datafield tag="100" ind1=" " ind2=" ">
    <subfield code="a">Gantefuhrer-Trier Anne</subfield>
    <subfield code="9">211790</subfield>
  </datafield>
  <datafield tag="245" ind1=" " ind2=" ">
    <subfield code="a">Cubism</subfield>
  </datafield>
  <datafield tag="260" ind1=" " ind2=" ">
    <subfield code="b">Taschen</subfield>
    <subfield code="c">2024</subfield>
  </datafield>
  <datafield tag="300" ind1=" " ind2=" ">
    <subfield code="a">95</subfield>
  </datafield>
  <datafield tag="365" ind1=" " ind2=" ">
    <subfield code="b">1359.00</subfield>
    <subfield code="c">Rs.00</subfield>
  </datafield>
  <datafield tag="520" ind1=" " ind2=" ">
    <subfield code="a">&#x2022;	A New Cognitive Order?
&#x2022;	George Braque - Large Nude
Houses in L&#x2019;Estaque
Castle at La Roche-Guyon
Violin &amp; Palette
Woman with a Mandolin
Bottle &amp; Fishes
Bowl of Fruit, Bottle &amp; Glass
Pipe, Glass, Dice &amp; Newspaper
&#x2022;	Robert Delaunay - The Tower with Curtains
&#x2022;	Raymand Duchamp-Villon - The Great Horse
&#x2022;	Henri La Fauconnier - The Huntsman
&#x2022;	Albert Gleizes - The Cathedral of Chartres 
In the port
&#x2022;	Juan Gris Houses in Paris
The Smoker
The Guitar
The Breakfast
&#x2022;	Fernand Leger - Nude Figures in a Wood 
Smoke
	       Still-Life with colorful Cylindrical Forms
	       The Balcony
&#x2022;	Jean Metzinger - Tea Time
The Bathers
Still-Life
&#x2022;	Pablo Picasso &#x2013; Les Demoiselles d&#x2019;Avignon
Three Women
Bread &amp; Fruit Dish on a Table
The Reservoir, Horta de Ebro 
Houses on the Hill, Horta de Ebro
Girl with a Mandolin (Fanny Tellier)
Guitar
Pipe, Glass, Bottle of Vieux Marc



</subfield>
  </datafield>
  <datafield tag="650" ind1=" " ind2=" ">
    <subfield code="a">Art</subfield>
    <subfield code="9">119074</subfield>
  </datafield>
  <datafield tag="700" ind1=" " ind2=" ">
    <subfield code="a">Grosenick Uta Ed.</subfield>
    <subfield code="9">211789</subfield>
  </datafield>
  <datafield tag="942" ind1=" " ind2=" ">
    <subfield code="c">BK</subfield>
  </datafield>
  <datafield tag="999" ind1=" " ind2=" ">
    <subfield code="c">365822</subfield>
    <subfield code="d">365822</subfield>
  </datafield>
  <datafield tag="952" ind1=" " ind2=" ">
    <subfield code="0">0</subfield>
    <subfield code="1">0</subfield>
    <subfield code="2">ddc</subfield>
    <subfield code="4">0</subfield>
    <subfield code="7">0</subfield>
    <subfield code="a">SOFT</subfield>
    <subfield code="b">SOFT</subfield>
    <subfield code="d">2025-03-27</subfield>
    <subfield code="e">Design Book Studio</subfield>
    <subfield code="g">1359.00</subfield>
    <subfield code="i">540</subfield>
    <subfield code="l">1</subfield>
    <subfield code="o">700 GAN</subfield>
    <subfield code="p">SOFT-BK-4385</subfield>
    <subfield code="r">2025-11-05 12:18:48</subfield>
    <subfield code="s">2025-11-05</subfield>
    <subfield code="t">25%</subfield>
    <subfield code="v">1812.00</subfield>
    <subfield code="w">2025-03-18</subfield>
    <subfield code="y">BK</subfield>
  </datafield>
</record>
